La tutoría, organización y tareas

Saved in:
Bibliografiske detaljer
Main Authors: Arnaiz, Pere (Author), Isus, Sofia (Author)
Format: Bog
Sprog:spansk
Udgivet: Barcelona Graó, de serveis pedagògics 1995
Serier:Colección Biblioteca de Aula, 5
Fag:
Tags: Tilføj Tag
Ingen Tags, Vær først til at tagge denne postø!

MARC

LEADER 00000nam a2200000 a 4500
001 UCT8321
003 CL-VaPUC
008 970326e19950000SP |||||||||||||||||spa|d
082 0 4 |a 371.394  |b ARN  |2 21 
100 0 |a Arnaiz, Pere  |e author  |9 379981 
700 0 |a Isus, Sofia  |e author  |9 379982 
245 1 3 |a La tutoría, organización y tareas 
300 |a 119 p 
942 |c BK 
945 |d 19970326 00:00:00  |a nastorga 
260 |a Barcelona  |b Graó, de serveis pedagògics  |c 1995 
650 7 |a ENSEÑANZA INDIVIDUALIZADA  |2 CL-VaPUC  |9 307241 
650 7 |a TUTORIA  |2 CL-VaPUC  |9 335054 
650 7 |a TAREAS  |2 CL-VaPUC  |9 379983 
650 0 |a Educación  |9 258661 
650 7 |a PROFESOR  |2 CL-VaPUC  |9 379984 
650 0 |a Organización  |9 256369 
650 0 |a Liderazgo  |9 271835 
650 0 |a Lingüística  |9 265068 
650 0 |a Comunicación   |9 257251 
650 0 |a Educación básica   |9 224933 
583 |a last modification  |c 19970326 00:00:00  |k Rodrigo Vera 
490 0 |a Colección Biblioteca de Aula, 5 
999 |c 256831  |d 256829 
952 |0 0  |1 0  |4 0  |6 371_394000000000000_ARN_1995  |7 0  |8 A  |9 279834  |a BIBEDU  |b BIBEDU  |d 2019-11-19  |i 3293637  |o 371.394 ARN 1995  |p 3293637  |r 2019-11-19  |w 2019-11-19  |y BK  |k EPE 
952 |0 0  |1 0  |4 0  |6 371_394000000000000_ARN_1995  |7 0  |8 A  |9 279835  |a BIBEDU  |b BIBEDU  |d 2019-11-19  |i 3298493  |o 371.394 ARN 1995  |p 3298493  |r 2019-11-19  |w 2019-11-19  |y BK  |k EPE